[Event "Miercurea Ciuc Bancpost op 19th"]
[Site "Miercurea Ciuc"]
[Date "2016.08.17"]
[Round "4"]
[White "Sarkozi, Romeo"]
[Black "Kovac, Boris"]
[Result "0-1"]
[WhiteElo "2069"]
[BlackElo "2200"]
[PlyCount "156"]
[EventDate "2016.08.14"]
[EventType "swiss"]
[EventRounds "7"]
[EventCountry "ROU"]
[SourceTitle "EXT 2020"]
[Source "ChessBase"]
[SourceDate "2019.10.17"]
[SourceVersion "1"]
[SourceVersionDate "2019.10.17"]
[SourceQuality "1"]

1. d4 Nf6 2. c4 e6 3. Nc3 Bb4 4. Qc2 d5 5. cxd5 exd5 6. Nf3 c6 7. e3 0-0 8. Bd3 h6 9. 0-0 Re8 10. Ne5 Nbd7 11. f4 Nf8 12. a3 Bxc3 13. bxc3 Ne4 14. Bxe4 dxe4 15. f5 Nd7 16. Nxd7 Bxd7 17. c4 Qg5 18. Qf2 c5 19. f6 g6 20. Bb2 Rac8 21. Rac1 Re6 22. Kh1 cxd4 23. Bxd4 b6 24. Qd2 Be8 25. Qb4 Rec6 26. Qe7 R6c7 27. Qd6 Bc6 28. Rc3 Kh7 29. Rfc1 Rd7 30. Qg3 Qf5 31. h3 Rcd8 32. Kg1 g5 33. Rf1 Qa5 34. c5 b5 35. h4 Rd5 36. Be5 Rg8 37. h5 Re8 38. Bd4 Qd8 39. Rd1 a5 40. Rcc1 Qd7 41. Qe1 Qg4 42. Qxa5 Qxh5 43. Qc7 Re6 44. Qc8 g4 45. Qf8 Qg6 46. Bb2 Re8 47. Qg7+ Qxg7 48. fxg7 Red8 49. Rf1 f5 50. Kh2 Kg6 51. Rcd1 Kh7 52. Rxd5 Rxd5 53. Kg3 Rxc5 54. Rh1 Bd5 55. Bd4 Rc2 56. Kf4 Kg6 57. Rb1 Rxg2 58. Rxb5 Rf2+ 59. Kg3 Rf3+ 60. Kg2 Bg8 61. Rb6+ Kh7 62. Be5 Rxe3 63. Rxh6+ Kxh6 64. Bf4+ Kxg7 65. Bxe3 Kf6 66. a4 Ke5 67. Kg3 Bc4 68. a5 Ba6 69. Bf4+ Kd4 70. Kf2 Kd3 71. Bh6 e3+ 72. Bxe3 Ke4 73. Bb6 f4 74. Bc7 g3+ 75. Kg1 Kf3 76. Bd6 Kg4 77. Bc7 f3 78. Bb6 Kf5 0-1